000 00721cab a2200253 4500
001 WB3507-38
008 090401t1999 xxu||||| |||| 00| 0 eng d
035 _a(Sirsi) u91379
041 _aeng
245 _aLandfill sites a health risk
260 _c1999
350 _a0
490 _aEstate Agency News
_v(142) February 1999, 13(1)
520 _aA medical study published in the Lancet claims that landfill sites are a health risk for local residents.
650 _aCONTAMINATED LAND
650 _aENVIRONMENTAL HAZARDS
650 _aHEALTH AND SAFETY
_96244
650 _aHEALTH HAZARDS
650 _aLANDFILL SITES
650 _aWASTE DISPOSAL
690 _aLAND
942 _n0
948 _c17/02/1999
999 _c58001
_d58001